Normal view
MARC view
Entry Personal Name
001 - CONTROL NUMBER
- control field: 39197
003 - CONTROL NUMBER IDENTIFIER
- control field: dpl
005 - DATE AND TIME OF LATEST TRANSACTION
- control field: 20120114134309.0
008 - FIXED-LENGTH DATA ELEMENTS
- fixed length control field: 120114|||a|||||| | ||| d
040 ## - CATALOGING SOURCE
- Original cataloging agency: dpl
- Transcribing agency: dpl
100 ## - HEADING--PERSONAL NAME
- Personal name: Guptas, R.
670 ## - SOURCE DATA FOUND
- Source citation: Work cat.: (dpl): Guptas, R., R. Gupta's popular master guide T.T.A. telecommunications technical assistant :, 2001
670 ## - SOURCE DATA FOUND
- Source citation: Work cat.: (dpl): Guptas, R., R. Gupta's popular master guide T.T.A. telecommunications technical assistant :, 2001
